000 00886nam a2200229 i 4500
001 171780
003 ES-MaACL
005 20230906214729.0
008 090529s1980 fr |||| | fre d
080 _a782.1
100 1 _aSlater, Montagu.
_9140417
245 1 0 _aPeter Grimes
_b: an opéra in three acts and a prologue = opéra en trois actes et un prologue /
_cmusique de Benjamin Britten ; livret de Montagu Slater, d'après le poème de Georges Crabbe "The Borough".
260 _aParis :
_bGérard Billaudot,
_c1980.
300 _a137 p. ;
_c18 cm.
490 1 _aOpéra de Paris. Bilingue
650 4 _aÓperas-
_vLibretos.
_9137584
700 1 _aBritten, Benjamin.
_931806
700 1 _aCrabbe, George.
_941415
830 0 _aOpéra de Paris. Bilingue
_9189043
852 4 _aES-MaACL
_jE-12691
_9R.140293
_z. - Biblioteca Jacinto Martínez Lacalle
999 _c171780
_d171780